000 00276 a2200133 4500
001 177546
020 _a84-305-8507-9
040 _cMagnum
240 1 0 _aBlancanieves
_lESP
245 1 0 _aBlancanieves
300 _a16
697 _aLITERATURA INFANTIL ESPANHOLA
942 _cBK
999 _c177546
_d177546